A Handbook For The Art And Science Of Teaching (Record no. 24068)

MARC details
000 -LEADER
fixed length control field 00490nam a22001817a 4500
003 - CONTROL NUMBER IDENTIFIER
control field OSt
005 - DATE AND TIME OF LATEST TRANSACTION
control field 20260611161412.0
008 - FIXED-LENGTH DATA ELEMENTS--GENERAL INFORMATION
fixed length control field 260611b |||||||| |||| 00| 0 eng d
020 ## - INTERNATIONAL STANDARD BOOK NUMBER
International Standard Book Number 9781416608189
040 ## - CATALOGING SOURCE
Transcribing agency Chuka University Library
050 ## - LIBRARY OF CONGRESS CALL NUMBER
Classification number LB 1025.3
Item number .M3 2009
100 ## - MAIN ENTRY--PERSONAL NAME
Personal name Marzano Robert J.
9 (RLIN) 27674
245 ## - TITLE STATEMENT
Title A Handbook For The Art And Science Of Teaching
260 ## - PUBLICATION, DISTRIBUTION, ETC.
Place of publication, distribution, etc. U.S.A
Name of publisher, distributor, etc. ASCD
Date of publication, distribution, etc. 2009
300 ## - PHYSICAL DESCRIPTION
Extent 319.P
650 ## - SUBJECT ADDED ENTRY--TOPICAL TERM
Topical term or geographic name entry element Effective Teaching
9 (RLIN) 11612
942 ## - ADDED ENTRY ELEMENTS (KOHA)
Source of classification or shelving scheme Library of Congress Classification
Koha item type Long Loan Books
Suppress in OPAC No
Holdings
Withdrawn status Lost status Source of classification or shelving scheme Damaged status Not for loan Collection Home library Current library Shelving location Date acquired Total Checkouts Full call number Barcode Date last seen Price effective from Koha item type
    Library of Congress Classification     General Collection Books Main Campus Library Main Campus Library General Stacks 11/06/2026   LB 1025.3 .M3 2009 34140/2026 11/06/2026 11/06/2026 Long Loan Books

Powered by Koha